|
|
|
|
| LEADER |
00000nla0a2200000 4500 |
| 001 |
636223 |
| 005 |
20250318142814.0 |
| 035 |
|
|
|a (RuTPU)RU\TPU\network\109
|
| 090 |
|
|
|a 636223
|
| 100 |
|
|
|a 20131015d2012 k y0rusy50 ca
|
| 101 |
0 |
|
|a rus
|
| 102 |
|
|
|a RU
|
| 135 |
|
|
|a drcn ---uucaa
|
| 181 |
|
0 |
|a i
|
| 182 |
|
0 |
|a b
|
| 200 |
1 |
|
|a Пародия на викторианскую семью в повести Е.И. Замятина "Островитяне"
|f Н. В. Аксёнова
|
| 203 |
|
|
|a Текст
|c электронный
|
| 300 |
|
|
|a Заглавие с экрана
|
| 320 |
|
|
|a [Библиогр.: с. 9-10 (22 назв.)]
|
| 461 |
|
|
|t Актуальные проблемы литературоведения и лингвистики
|o материалы конференции молодых ученых 5-7 апреля 2012 г., Томск
|f Томский государственный университет (ТГУ)
|d 2012
|
| 463 |
|
|
|t Вып. 13, т. 2
|v [С. 5-10]
|i Литературоведение и издательское дело
|d 2012
|
| 610 |
1 |
|
|a электронный ресурс
|
| 610 |
1 |
|
|a труды учёных ТПУ
|
| 610 |
1 |
|
|a пародии
|
| 610 |
1 |
|
|a викторианство
|
| 610 |
1 |
|
|a семья
|
| 610 |
1 |
|
|a Англия
|
| 700 |
|
1 |
|a Аксёнова
|b Н. В.
|c лингвист
|c доцент Томского политехнического университета, кандидат филологических наук
|f 1979-
|g Наталия Валерьевна
|3 (RuTPU)RU\TPU\pers\31421
|9 15585
|
| 712 |
0 |
2 |
|a Национальный исследовательский Томский политехнический университет (ТПУ)
|b Институт кибернетики (ИК)
|b Кафедра иностранных языков института кибернетики (ИЯИК)
|3 (RuTPU)RU\TPU\col\18707
|
| 801 |
|
2 |
|a RU
|b 63413507
|c 20180730
|g RCR
|
| 856 |
4 |
|
|u http://old.philology.tsu.ru/uploads/files/lit.pdf#page=5
|
| 942 |
|
|
|c CF
|